Worldwide regulations for mycotoxins in food and feed in 2003

Guardat en:
Dades bibliogràfiques
Autor corporatiu: FAO
Format: Llibre
Idioma:Undetermined
Publicat: Rome Food and Agriculture Oganization Of The United Nations 2004
Matèries:
Etiquetes: Afegir etiqueta
Sense etiquetes, Sigues el primer a etiquetar aquest registre!
Thư viện lưu trữ: Trung tâm Học liệu Trường Đại học Cần Thơ
LEADER 00522nam a2200181Ia 4500
001 CTU_76215
008 210402s9999 xx 000 0 und d
082 |a 636.084 
082 |b F686 
110 |a FAO 
245 0 |a Worldwide regulations for mycotoxins in food and feed in 2003 
245 0 |c FAO 
260 |a Rome 
260 |b Food and Agriculture Oganization Of The United Nations 
260 |c 2004 
650 |a Animal feeding 
904 |i Mai Loan,Hải 
980 |a Trung tâm Học liệu Trường Đại học Cần Thơ